Score 0/7 Timer 03:00
0 Plays Today
Question Answer Wrong Answers
In direct violation of this treaty, Adolf Hitler announces that Germany is rearming itself.
1935
Treaty of Versailles
82.5%
Treaty of Constantinople
1.6%
Treaty of Paris
12.8%
Treaty of London
1.7%
Crimea votes in a controversial referendum to secede from ______ to join Russia.
2014
Ukraine
78.3%
Georgia
8.6%
Armenia
5.8%
Kazakhstan
3.9%
Hundreds of Vietnamese civilians are killed by American troops in an event called the ______ Massacre.
1968
My Lai
67.6%
Saigon
13%
Ho Chi Minh
14.1%
Lang Vei
3%
The Wanderers F.C. win the first ______, the oldest football competition in the world, beating Royal Engineers A.F.C. 1–0 in London.
1872
FA Cup
53.7%
World Cup
27.5%
Confederations Cup
11.3%
Gold Cup
7%
Mississippi votes to ratify this Amendment, becoming the last state to approve the abolition of slavery.
1995
13th
46.4%
12th
10.4%
14th
20.2%
15th
19.9%
This former US President, often referred to as the ‘Father of the Constitution,’ is born.
1751
James Madison
41.5%
Thomas Jefferson
51.7%
Alexander Hamilton
4.2%
Andrew Jackson
2.6%
This Labour Party British Prime Minister announces their resignation, citing personal reasons.
1976
Harold Wilson
39.7%
Margaret Thatcher
16.7%
John Major
18.3%
Edward Heath
22.6%
Remove Ads.
Support Sporcle.
Get the best of Sporcle when you Go Orange. This ad-free experience offers more features, more stats, and more fun while also helping to support Sporcle. Thank you for becoming a member.

You're not logged in!

Compare scores with friends on all Sporcle quizzes.
OR
Log In

Show Comments

Extras

Top Quizzes Today


Score Distribution

Your Account Isn't Verified!

In order to create a playlist on Sporcle, you need to verify the email address you used during registration. Go to your Sporcle Settings to finish the process.

Report this User

Report this user for behavior that violates our Community Guidelines.

Details: